Basic radio: (Record no. 183803)
[ view plain ]
| 000 -LEADER | |
|---|---|
| fixed length control field | 01469 a2200193 4500 |
| 003 - CONTROL NUMBER IDENTIFIER | |
| control field | Nust |
| 005 - DATE AND TIME OF LATEST TRANSACTION | |
| control field | 20221222101314.0 |
| 040 ## - CATALOGING SOURCE | |
| Transcribing agency | Nust |
| 082 ## - DEWEY DECIMAL CLASSIFICATION NUMBER | |
| Classification number | 621.384187,ZBA |
| 100 ## - MAIN ENTRY--PERSONAL NAME | |
| Personal name | Zbar, Paul B. |
| 9 (RLIN) | 74617 |
| 245 ## - TITLE STATEMENT | |
| Title | Basic radio: |
| Remainder of title | theory and servicing a text-lab manual / |
| Statement of responsibility, etc. | Paul B.Zbar, |
| 250 ## - EDITION STATEMENT | |
| Edition statement | 3rd ed |
| 260 ## - PUBLICATION, DISTRIBUTION, ETC. | |
| Place of publication, distribution, etc. | McGraw-Hill Book Company |
| Name of publisher, distributor, etc. | New York |
| Date of publication, distribution, etc. | 1969 |
| 300 ## - PHYSICAL DESCRIPTION | |
| Extent | xvi, 183 p |
| Other physical details | illus |
| Dimensions | 24 cm |
| 505 ## - FORMATTED CONTENTS NOTE | |
| Formatted contents note | The Diode Detector and the TRF Receiver (Page-1), AF Amplifiers in a Superheterodyne Receiver (Page-7), If Amplifiers in aSuperheterodyne Receiver (Page-10), The RF Amplifier, Oscillator, Mixer and Automatic Volume Control Circuits in a Superheterodyne Receiver (Page-17), Power Supply in a Transistorized Radio Receiver (Page-24), Alignment of Experimental Superheterodyne Receiver (Page-29), Voltage and Current Measurements in as Transistor (Page-33), Defect Analysis in the Audio Section of a Radio Receiver (Page-41), Servicing the Audio Section of a Radio Receiver (Page-47), Circuit Tracing in a Commercial Radio Receiver (Page-67), Alignment of the Vacuum Tube Receiver (Page-102), The Auto Radio (Page-108), Short Wave and Multiband Receivers (Page-121), FM Receivers (Page-134), Servicing FM Receivers (Page-140), FM Stereo System Familiarization (Page-149), FM Stereo Multiplex Trouble Shooting (Page-162). |
| 600 ## - SUBJECT ADDED ENTRY--PERSONAL NAME | |
| Personal name | Zbar, Paul B. |
| 9 (RLIN) | 74617 |
| 650 ## - SUBJECT ADDED ENTRY--TOPICAL TERM | |
| Topical term or geographic name entry element | Basic radio:theory and servicing a text-lab manula |
| 9 (RLIN) | 105615 |
| 942 ## - ADDED ENTRY ELEMENTS (KOHA) | |
| Source of classification or shelving scheme | |
| Koha item type | Book |
| Withdrawn status | Lost status | Source of classification or shelving scheme | Damaged status | Not for loan | Permanent Location | Current Location | Shelving location | Date acquired | Full call number | Barcode | Date last seen | Price effective from | Koha item type | Public note |
|---|---|---|---|---|---|---|---|---|---|---|---|---|---|---|
| Military College of Signals (MCS) | Military College of Signals (MCS) | General Stacks | 12/12/2016 | 621.384187,ZBA | MCS21219 | 12/08/2016 | 12/12/2016 | Book | Almirah No.39, Shelf No.1 |
